| 000 | 00344nam a2200121Ia 4500 | ||
|---|---|---|---|
| 008 | 220204s9999 xx 000 0 und d | ||
| 020 | _a9068321412 | ||
| 082 |
_a332.1 _bZOO |
||
| 100 | _aZoomers, Annelies | ||
| 245 | 0 | _aLand and sustainable livelihood in Latin America | |
| 260 |
_aThe Netherlands _bRoyal Tropical Institute _c2001 |
||
| 942 | _cBK | ||
| 999 |
_c44016 _d44016 |
||